000 00582nam a2200193 a 4500
001 BRCA_6114
005 20190320205335.0
008 300611s1925----ja-a######---#000-0#eng-#
041 _aeng
044 _aja
050 4 _aDS810
_b.P63
245 1 0 _aPocket guide to Japan 1925.
260 _aTokyo
_bJapanese Government Railways: Japan Tourist Bureau: Japan Hotel Association
_c1925
300 _aiv., 132 p.
_bil. (algunas a color), fotos , mapas
_c19 cm.
500 _aK17
650 1 4 _aJapón
_eDescripción y viajes
_vGuía de viajeros
_915443
902 _aGFM
942 _2lcc
_cB
999 _c5801
_d5801